Macro economics (Record no. 1679684)
[ view plain ]
| 000 -LEADER | |
|---|---|
| fixed length control field | 00273nam a22001217a 4500 |
| 003 - CONTROL NUMBER IDENTIFIER | |
| control field | OSt |
| 005 - DATE AND TIME OF LATEST TRANSACTION | |
| control field | 20260213164544.0 |
| 008 - FIXED-LENGTH DATA ELEMENTS--GENERAL INFORMATION | |
| fixed length control field | 260213b |||||||| |||| 00| 0 eng d |
| 040 ## - CATALOGING SOURCE | |
| Transcribing agency | fms |
| 100 ## - MAIN ENTRY--PERSONAL NAME | |
| Personal name | Blanchard(o) |
| 9 (RLIN) | 1115853 |
| 245 ## - TITLE STATEMENT | |
| Title | Macro economics |
| 942 ## - ADDED ENTRY ELEMENTS (KOHA) | |
| Source of classification or shelving scheme | Colon Classification (CC) |
| Koha item type | Textbook |
| Suppress in OPAC | No |
| Withdrawn status | Lost status | Source of classification or shelving scheme | Damaged status | Not for loan | Home library | Current library | Date acquired | Total Checkouts | Full call number | Barcode | Date last seen | Price effective from | Koha item type |
|---|---|---|---|---|---|---|---|---|---|---|---|---|---|
| Colon Classification (CC) | Faculty of Management Library | Faculty of Management Library | 2026-02-13 | X:72 P6,12 | ML-1634072 | 2026-02-13 | 2026-02-13 | Textbook |
